000 00480nam a2200181Ia 4500
008 240925s9999 xx 000 0 und d
020 _aNA
082 _a620.00420285 LEI
100 _aLeigh, Ronald W.
245 0 _aAutoCAD a Concise Guide to Commands and Features
250 _aNA
260 _aIndia:
_bGalgotia Publ Ind
_c,1996.
300 _axix,933p.
_bNA
_fPirated
500 _aIncludes Index
600 _aEngineering Technology
650 _aTechnology
942 _cBK
999 _c3352
_d3352